000 00432nam a22001697a 4500
003 UA-OsUOA
001 5325
007 ta
008 20050721b un ||||| |||| 00| 0 ukr d
100 _aОнищук
700 _aС. В.
942 _cBK
040 _aUA-OsUOA
_cUA-OsUOA
_dUA-OsUOA
245 _aМетодика використ. зображ. наочності для навчан...
_bBA Paper
955 _a2
650 7 _2UDC
999 _c291487
_d291487